| 000 | 00440nam a2200169Ia 4500 | ||
|---|---|---|---|
| 008 | 230711s9999||||xx |||||||||||||| ||und|| | ||
| 041 | _aENG | ||
| 082 |
_a621 _bBH-E |
||
| 100 | _aBhattacharya.S.K | ||
| 245 | 0 | _aElectrical design : estimating and costing | |
| 250 | _a1st . Ed. | ||
| 260 |
_c1991 _aNew Delhi _bNew Age International Publishers |
||
| 300 | _a395 | ||
| 650 | _aElectrical Engineering | ||
| 700 | _aRaina,K.B | ||
| 942 | _cBK | ||
| 999 |
_c4912 _d4912 |
||